Подробности
| 000 -МАРКЕР |
| контрольное поле |
01584nam0a2200361 4500 |
| 001 - ИДЕНТИФИКАТОР ЗАПИСИ |
| контрольное поле |
RU\NLR\bibl\840454 |
| 005 - ИДЕНТИФИКАТОР ВЕРСИИ |
| контрольное поле |
20260405082830.0 |
| 010 ## - МЕЖДУНАРОДНЫЙ СТАНДАРТНЫЙ НОМЕР КНИГИ (ISBN) |
| Номер (ISBN) |
5-89125-081-0 |
| Тираж |
200 |
| 021 ## - НОМЕР ГОСУДАРСТВЕННОЙ РЕГИСТРАЦИИ |
| Код страны |
Российская Федерация |
| Номер |
2005-48855 |
| Номер Листа государственной регистраци |
2377 |
| 035 ## - ДРУГИЕ СИСТЕМНЫЕ НОМЕРА |
| Идентификатор записи |
(NLR Aleph) 000829280 |
| 100 ## - ДАННЫЕ ОБЩЕЙ ОБРАБОТКИ |
| Данные общей обработки |
20050914d2005 |||y0rusy50 ca |
| 101 0# - ЯЗЫК РЕСУРСА |
| Язык текста, звукозаписи и т.д. |
русский |
| 102 ## - СТРАНА ПУБЛИКАЦИИ ИЛИ ПРОИЗВОДСТВА |
| Страна публикации |
Российская Федерация |
| 105 ## - ПОЛЕ КОДИРОВАННЫХ ДАННЫХ: ТЕКСТОВЫЕ МАТЕРИАЛЫ, МОНОГРАФИЧЕСКИЕ |
| Кодированные данные о монографическом текстовом документе |
a ||||||||| |
| 200 1# - ЗАГЛАВИЕ И СВЕДЕНИЯ ОБ ОТВЕТСТВЕННОСТИ |
| Основное заглавие |
Интегрированная система и технические средства химической защиты яблони в горных садоландшафтах |
| Первые сведения об ответственности |
Ю.А. Шекихачев, В.Н. Бербеков, Л.М. Хажметов [и др.] |
| 210 ## - ПУБЛИКАЦИЯ, РАСПРОСТРАНЕНИЕ И ДР. |
| Место издания, распространения и т.д. |
Нальчик |
| Имя издателя, распространителя и т. д. |
[б.и.] |
| Дата издания, распространения и т.д. |
2005 |
| 215 ## - ФИЗИЧЕСКАЯ ХАРАКТЕРИСТИКА |
| Специфическое обозначение материала и объем |
53 с. |
| Другие сведения о физической характеристике |
ил. |
| Размеры |
20 |
| 606 1# - НАИМЕНОВАНИЕ ТЕМЫ КАК ПРЕДМЕТ |
| Наименование темы |
Опрыскиватели |
| Тематический подзаголовок |
Эксплуатация на склонах |
| Системный номер авторитетной/нормативной записи |
1771524 |
| Идентификатор авторитетной/нормативной записи |
RU\NLR\auth\66795539 |
| 606 1# - НАИМЕНОВАНИЕ ТЕМЫ КАК ПРЕДМЕТ |
| Наименование темы |
Яблони |
| Тематический подзаголовок |
Болезни и вредители |
| -- |
Химические методы борьбы |
| Системный номер авторитетной/нормативной записи |
2052829 |
| Идентификатор авторитетной/нормативной записи |
RU\NLR\auth\661231140 |
| 686 ## - ИНДЕКСЫ ДРУГИХ КЛАССИФИКАЦИЙ |
| Индекс |
П072.61 |
| 686 ## - ИНДЕКСЫ ДРУГИХ КЛАССИФИКАЦИЙ |
| Индекс |
П491.5-52 |
| 701 #1 - ИМЯ ЛИЦА - АЛЬТЕРНАТИВНАЯ ОТВЕТСТВЕННОСТЬ |
| Код отношения |
Автор |
| Графика поля |
Кириллица |
| Материалы, к которым относится поле |
rus |
| Начальный элемент ввода |
Шекихачев |
| Часть имени, кроме начального элемента ввода |
Ю. А. |
| Расширение инициалов личного имени |
Юрий Ахметханович |
| Системный номер авторитетной/нормативной записи |
206104 |
| Идентификатор авторитетной/нормативной записи |
RU\NLR\AUTH\770206156 |
| 701 #1 - ИМЯ ЛИЦА - АЛЬТЕРНАТИВНАЯ ОТВЕТСТВЕННОСТЬ |
| Начальный элемент ввода |
Бербеков |
| Часть имени, кроме начального элемента ввода |
В. Н. |
| Расширение инициалов личного имени |
Владимир Нажмутдинович |
| Код отношения |
Автор |
| 701 #1 - ИМЯ ЛИЦА - АЛЬТЕРНАТИВНАЯ ОТВЕТСТВЕННОСТЬ |
| Код отношения |
Автор |
| Материалы, к которым относится поле |
rus |
| Графика поля |
Кириллица |
| Начальный элемент ввода |
Хажметов |
| Часть имени, кроме начального элемента ввода |
Л.М. |
| Расширение инициалов личного имени |
Луан Мухажевич |
| Идентификатор авторитетной/нормативной записи |
RU\NLR\auth\7729408 |
| Системный номер авторитетной/нормативной записи |
12437 |
| 801 #0 - ИСТОЧНИК ЗАПИСИ |
| Страна |
Российская Федерация |
| Организация |
NLR |
| Дата составления |
20050914 |
| Правила каталогизации |
rcr |
| 801 #1 - ИСТОЧНИК ЗАПИСИ |
| Страна |
Российская Федерация |
| Организация |
NLR |
| Дата составления |
20050914 |
| 830 ## - ОБЩЕЕ ПРИМЕЧАНИЕ, СОСТАВЛЕННОЕ КАТАЛОГИЗАТОРОМ |
| Текст примечания |
Авт. по кн. |
| 942 ## - ДОПОЛНИТЕЛЬНЫЕ ЭЛЕМЕНТЫ ЗАПИСИ (АБИС) |
| Тип экземпляра АБИС |
Книга |
| 980 ## - КОЛЛЕКЦИЯ |
| Название коллекции |
Национальная библиография |
| 980 ## - КОЛЛЕКЦИЯ |
| Название коллекции |
НБР |